Naissance de l'urbanisme dans la vallée du Nil /

محفوظ في:

المؤلف الرئيسي: Sée, Geneviève D. (مؤلف)

مؤلفون آخرون: Baux, Jean Pierre., Marthelot, Jacques.

التنسيق: كتاب

اللغة: French

منشور في: Ivry : Serg, 1973.

سلاسل: La Route millénaire.

الموضوعات:

الوسوم: إضافة وسم

لا توجد وسوم, كن أول من يضع وسما على هذه التسجيلة!

رقم الطلب: NA9275 .S45 1973

LEADER 00885namaa2200277 4500
001 25352
003 OSt
005 20250909115345.0
008 130303s1973 fr a b 000 0 fre d
010 |a 73168445 
040 |c ARCE Library 
043 |a f-ua--- 
050 4 |a NA9275 .S45 1973 
100 1 |a Sée, Geneviève D.,   |e author  |9 39617 
245 1 0 |a Naissance de l'urbanisme dans la vallée du Nil /   |c [par] Geneviève Sée, avec la collaboration de Jean-Pierre Baux ; les photographies de Jacques Marthelot. 
264 1 |a Ivry :   |b Serg,   |c 1973. 
300 |a 331 pages :   |b illustrations ;   |c 24 cm. 
490 0 |a La Route millénaire. 
504 |a Bibliography : page 330. 
650 0 |a City planning  |z Egypt. 
650 0 |a Architecture  |z Egypt. 
700 1 |a Baux, Jean Pierre. 
700 1 |a Marthelot, Jacques.  |9 35458 
901 |a reviewed 
942 |c BK  |2 lcc 
999 |c 23781  |d 23781